Tollaslabda. Rajt az egyetemi és főiskolai bajnokságon

Elmentve itt :
Bibliográfiai részletek
Dokumentumtípus: Cikk
Megjelent: 1978-10-20
Sorozat:Délmagyarország 68 No. 248
Online Access:http://dmarchiv.bibl.u-szeged.hu/89753
LEADER 00396nab a2200133 i 4500
001 delm89753
005 20190515145151.0
008 190515s1978 hu o 0|| hun d
040 |a SZTE Délmagyarország Archívum  |b hun 
041 |a hun 
245 0 0 |a Tollaslabda. Rajt az egyetemi és főiskolai bajnokságon  |h [elektronikus dokumentum] 
260 |c 1978-10-20 
300 |a 6 
490 0 |a Délmagyarország  |v 68 No. 248